Регионална библиотека "Любен Каравелов" - Русе

Женски работи (Запис номер 195901)

MARC детайли
000 -Лидер
Контролно поле с фиксирана дължина 01997nam a2200421 c 4500
003 - Код на организацията, давaща контролен номер
Контролно поле BLK
005 - Дата и час на последна редакция
Контролно поле 20241029111750.0
008 - Елементи от данни с фиксирана дължина
fixed length control field 180411b bul|||||r ||||||| ||bul||
010 ## - Наследен системен номер
LC control number KNG00205156000
020 ## - Международен стандартен номер на книга ISBN
Международен стандартен номер на книга ISBN 978-619-90421-9-9
-- издат.: Пощенска кутия за приказки
040 ## - Източник на каталожния запис
Идентификатор на билиотеката - собственик на записа BLK
041 ## - Код за език
Код за езика на текст/звукозапис или на отделно заглавие Български
Код за езика КДБФ Български
072 #7 - Код за тематичната категория
Код организация bullib
Код за тематична категория Н84
Текст Българска художествена литература Н
080 ## - УДК
Текстов определител УДК Българска литература
УДК код - определител по УДК 821.163.2
УДК определител -32
УДК - код + определител 821.163.2-32
100 1# - Редна дума - Автор
Автор Михова, Мила
Авторска отговорност първи автор
R(LIN) 347203
139 ## - Редно поле
Редна дума Женски работи
Авторски знак Жен - Ж 39
245 10 - Сведения за заглавието
Заглавие Женски работи
Подзаглавни данни Сб. с разкази
Редно поле (дума) Мила Михова; * Йоана Мирчева; * Малвина Болярска; * Ралица Найденова; * Цветелина Цветкова; * Албена Алексиева; * Полина Видас; * Надя Станчева.
257 ## - Страна на издаване
Страна на създаване/издаване България
260 ## - Област на издателските данни
-- София
Име на издателя, разпространителя и проч. Пощенска кутия за приказки
Година на издаване 2017
300 ## - Физическа характеристика
Страници 143 с.
Размери/Мащаб 21 см
380 ## - Жанр
Жанр Худож. лит.
500 ## - Общи забележки
Забележка Други авт. : Й. Мирчева, М. Болярска, Р. Найденова, Цв. Цветкова, А. Алексиева, П. Видас, Н. Станчева.
653 ## - Ключова дума – ненормативна
Ключова дума разкази
659 ## - Тематичен бюлетин
Тематичен бюлетин Н
700 1# - Други автори (авторска отговорност)
Лично име Мирчева, Йоана
Автороска отговорност (Описва отношението между автора и произведението) *
9 (RLIN) 347204
700 1# - Други автори (авторска отговорност)
Лично име Болярска, Малвина
Автороска отговорност (Описва отношението между автора и произведението) *
9 (RLIN) 347205
700 1# - Други автори (авторска отговорност)
Лично име Найденова, Ралица
Автороска отговорност (Описва отношението между автора и произведението) *
9 (RLIN) 347206
700 1# - Други автори (авторска отговорност)
Лично име Цветкова, Цветелина
Автороска отговорност (Описва отношението между автора и произведението) *
9 (RLIN) 347207
700 1# - Други автори (авторска отговорност)
Лично име Алексиева, Албена
Автороска отговорност (Описва отношението между автора и произведението) *
9 (RLIN) 347208
700 1# - Други автори (авторска отговорност)
Лично име Видас, Полина
Автороска отговорност (Описва отношението между автора и произведението) *
9 (RLIN) 347209
700 1# - Други автори (авторска отговорност)
Лично име Станчева, Надя
Автороска отговорност (Описва отношението между автора и произведението) *
9 (RLIN) 369115
852 ## - Местоположение
Форматна сигнатура Цб 284925
856 4# - Електронен адрес и достъп
Електронен формат pdf - файл
Път до файла /url/
856 4# - Електронен адрес и достъп
Електронен формат pdf - файл
Път до файла /url/
942 ## - АРТИКУЛИ
Вид на библиотечния материал Книги
Скрит в OPAC Не
Koha issues (borrowed), all copies 9
944 ## - СЪЗДАВАНЕ И РЕДАКЦИЯ на ЗАПИСА
Създаване/Редакция Създаване
Дата на регистрацията/редакция 18.04.2017
Статус, дата на статуса Минев Младен
Служител, извършил регистрацията/редакцията 30530
944 ## - СЪЗДАВАНЕ И РЕДАКЦИЯ на ЗАПИСА
Създаване/Редакция Редакция
Дата на регистрацията/редакция 18.12.2017
Статус, дата на статуса ф /
Служител, извършил регистрацията/редакцията Пенка_Димитрова
999 ## - СИСТЕМНИ КОНТРОЛНИ НОМЕРА
Koha biblionumber 195901
Koha biblioitemnumber 195901
Наличности
Код за отписване Код за изгубен артикул Код за повреда Коз за рестрикции Код за отдаване Артикулен № Име на библиотеката - собственик Име на библиотеката, в която се намира в момента Статус (Текущо местоположение) Дата на вписване в системата Местоположение - отдел Цена в лева Инвентарен номер Систематично азбучна сигнатура Баркод Номер на екземпляра Цена в евро Служебна бележка Служебен тип на артикула Източник на класификационната схема
  Не е изгубен Не е повреден без рестрикции заемане за дома 341870 Регионална библиотека "Любен Каравелов" Русе Регионална библиотека "Любен Каравелов" Русе Заемна - подръчен фонд 2017-04-24 Заемна - подръчен фонд 9.36 120000810203 П 886.7-32/Ж 39 120000810203 1 4.79 Дост: Pk Вид: Ф N: 821 Дата: 13.04.2017 Дата инв: 13.02.2018 Бележки инв: П2018 Книги  
  Не е изгубен Не е повреден без рестрикции заемане за дома 341871 Регионална библиотека "Любен Каравелов" Русе Регионална библиотека "Любен Каравелов" Русе Заемна - подръчен фонд 2017-12-15 Заемна - подръчен фонд 12.00 120000818325 П 886.7-32/Ж 39 120000818325 2 6.14 Дост: Pk Вид: Ф N: 498 Дата: 15.12.2017 Дата инв: 13.02.2018 Бележки инв: П2018 Книги  
  Не е изгубен Не е повреден без рестрикции ползва се в читалня 683420 Регионална библиотека "Любен Каравелов" Русе Регионална библиотека "Любен Каравелов" Русе Хранилище 2018-11-30 Хранилище 12.00   Цб 291914 120000826033   6.14   Книги Universal Decimal Classification
Vip Innovations Ltd, Rousse, Bulgaria 2025